Laddar...
Technology stepping into the 21st century /
| Huvudupphovsman: | |
|---|---|
| Materialtyp: | Printed Book |
| Språk: | English |
| Publicerad: |
New Delhi :
Vikas,
1994.
|
| LEADER | 00454nam a2200133Ia 4500 | ||
|---|---|---|---|
| 008 | 150624b xxu||||| |||| 00| 0 eng d | ||
| 082 | |a 621.38 | ||
| 100 | |a Sampath, S. | ||
| 245 | |a Technology stepping into the 21st century / |c S. Sampath | ||
| 260 | |a New Delhi : |b Vikas, |c 1994. | ||
| 300 | |a 246 p. | ||
| 942 | |c BK | ||
| 999 | |c 45935 |d 45935 | ||
| 952 | |0 1 |1 4 |4 0 |6 621_380000000000000_SAM_T |7 0 |9 45921 |a UL |b UL |c ST2 |d 1998-09-01 |l 0 |o 621.38 SAM/T |p 67451 |r 2012-10-27 |w 2012-10-27 |y BK | ||